00537cam a22002291 4500001001300000003000400013005001700017008004100034010001700075035002000092040001800112042001200130050001700142100001800159245002900177260001100206300002500217500001500242650001300257650002000270999001700290sa 68000299 DLC20260227112422.0890510s1966 xx 000 0 pano  asa 68000299  a(OCoLC)23580092 aDLCcMiUdDLC apremarc00aBL2018b.S280 aSatbir Singh.10aKhālase dī wāsī. c[1966] aviii, 236 p.c22 cm. aRomanized. 0aSikhism. 0aSikhsxHistory. c77104d77104